Diccionario de filosofía abreviado /

Guardado en:
Autor Principal: Ferrater Mora, José
Formato: Libro
Publicado: Buenos Aires : Sudamericana, 1978
Edición:3a. ed.
Materias:
Etiquetas: Agregar Etiqueta
Sin Etiquetas, Sea el primero en etiquetar este registro!
LEADER 00687nam a22002055a 4500
001 CEM.cems012196
005 20060817071313.0
008 130507s1978##################000#0#####d
003 CEMS
020 |a 8435001415 
082 0 4 |a C103 
100 1 |a Ferrater Mora, José 
245 1 0 |a Diccionario de filosofía abreviado /  |c José Ferrater Mora 
250 |a 3a. ed. 
260 |a Buenos Aires :  |b  Sudamericana,  |c 1978 
300 |a 478 p. 
500 |a Versión compendiada por Eduardo García Belsunce y Ezequiel de Olso del "diccionario de filosofía de José Ferrater Mora. 
653 |a Filosofía 
653 |a Diccionarios 
859 |a CEMS  |b BIB. CEMS - 11 de abril  |h C103  |i F413-1a3  |p 23432.06  |t Ej.1